00529nam a22001097a 4500008004100000020001500041082001900056245018400075260007500259300001000334710007500344230605b xxu||||| |||| 00| 0 eng d a9966777601 a330.96762bKIP aKenya Economic Report 2010bEnhancing Sectoral Contribution Towards Reducing Poverty, Unemployment And Inequality In KenyacKenya Institute For Public Policy Research And Analysis aNairobibKenya Institute For Public Policy Research And Analysisc2010 a262 p bKenya Institute For Public Policy Research And AnalysiscNairobid2010